Super-Héros (Marvel) - Statistiques

Statistiques générales
  • Ce quiz a été pris 330 fois
  • Le résultat moyen est 20 sur 51
Statistiques - réponses
Réponse % Correct
Iron-Man
99%
Captain America
94%
Hulk
92%
Thor
92%
Spider-Man
89%
La Veuve Noire
86%
Ant-Man
75%
Hawkeye
75%
Black Panther
74%
Captain Marvel
68%
Docteur Strange
65%
Star-Lord
63%
Wolverine
62%
Groot
61%
Gamora
60%
Drax
53%
Deadpool
47%
Cyclope
42%
Rocket Raccoon
42%
La Chose
41%
Professeur X
41%
Daredevil
39%
Tornade
38%
La Torche Humaine
36%
Agent Venom
32%
La Femme Invisible
32%
Luke Cage
29%
Iron Fist
28%
Le Fauve
25%
Mr Fantastique
25%
She-Hulk
24%
Jean Grey
23%
Moon Knight
22%
Ghost Rider
21%
Jessica Jones
21%
Punisher
21%
Elektra
19%
Blade
18%
Colossus
18%
Nova
18%
Namor
16%
Spider-Woman
12%
Adam Warlock
9%
Sentry
9%
Cable
8%
Silver Surfer
8%
Flèche Noire
6%
Psylocke
4%
Cloak
3%
Dagger
3%
Penance
1%
Aucun quiz correspondant
Distribution des résultats
% des personnes avec chaque résultat
Percentile par nombre de réponses
Votre historique - résultats
Vous n’avez pas pris ce quiz